[Event "Melegnano op 13th"]
[Site "Melegnano"]
[Date "2014.03.02"]
[Round "5"]
[White "Innocenti, Giovanni"]
[Black "Zanetti, Alberto"]
[Result "1-0"]
[WhiteElo "2083"]
[BlackElo "2162"]
[PlyCount "115"]
[EventDate "2014.02.28"]
[EventType "swiss"]
[EventRounds "5"]
[EventCountry "ITA"]
[SourceTitle "EXT 2015"]
[Source "ChessBase"]
[SourceDate "2014.11.20"]
[SourceVersion "1"]
[SourceVersionDate "2014.11.20"]
[SourceQuality "1"]

1. e4 d5 2. exd5 c6 3. dxc6 Nxc6 4. Nc3 e5 5. Bb5 Bd6 6. d4 exd4 7. Qxd4 Nf6 8. Bg5 Be7 9. Qxd8+ Bxd8 10. 0-0-0 0-0 11. h3 h6 12. Be3 Ba5 13. Nge2 Be6 14. Bxc6 bxc6 15. Bd4 Bxc3 16. Nxc3 Nd5 17. Nxd5 cxd5 18. Rhe1 Rfc8 19. Re3 Kf8 20. Rb3 a6 21. Rb6 Rcb8 22. Rd3 Rxb6 23. Bxb6 h5 24. Ra3 Ke7 25. b4 Bd7 26. Ra5 Bc6 27. Kd2 g6 28. a4 Kd6 29. Kd3 Bb7 30. Rc5 Bc6 31. Ra5 Bb7 32. b5 Bc8 33. Kd4 Bb7 34. Bc5+ Ke6 35. h4 axb5 36. Rxa8 Bxa8 37. axb5 Bb7 38. Bf8 Kd7 39. g3 Ke8 40. Bh6 Kd7 41. Kc5 Kc7 42. Bf4+ Kd7 43. Kb6 Kc8 44. c3 d4 45. cxd4 Ba8 46. Kc5 Kd7 47. d5 Bb7 48. d6 Bf3 49. Kb6 f6 50. Ka7 g5 51. hxg5 fxg5 52. Be5 h4 53. gxh4 gxh4 54. b6 Kc8 55. Bh2 h3 56. Bg3 Bc6 57. f4 Kd7 58. f5 1-0

[Event "Pescia op-A 5th"]
[Site "Pescia"]
[Date "2013.10.11"]
[Round "1"]
[White "Restifo, Katiuscia Dolores"]
[Black "Innocenti, Giovanni"]
[Result "0-1"]
[WhiteElo "1845"]
[BlackElo "2046"]
[PlyCount "80"]
[EventDate "2013.10.11"]
[EventType "swiss"]
[EventRounds "5"]
[EventCountry "ITA"]
[SourceTitle "EXT 2015"]
[Source "ChessBase"]
[SourceDate "2014.11.20"]
[SourceVersion "1"]
[SourceVersionDate "2014.11.20"]
[SourceQuality "1"]

1. e4 e5 2. Nf3 Nc6 3. Bb5 a6 4. Ba4 Nf6 5. Qe2 b5 6. Bb3 Be7 7. c3 0-0 8. 0-0 d5 9. d3 Re8 10. Rd1 h6 11. Nbd2 Bf8 12. Nf1 Be6 13. Ng3 g6 14. h3 Bg7 15. Bc2 Qd6 16. Be3 d4 17. Bd2 Nd7 18. a4 Nc5 19. Nh2 bxa4 20. c4 Reb8 21. Ra2 Nb4 22. Bxb4 Rxb4 23. Qf3 Rab8 24. Rb1 a3 25. Ng4 Bxg4 26. Qxg4 Rxb2 27. Raa1 Rxb1+ 28. Bxb1 Nb3 29. Ra2 Nc1 30. Ra1 Qb4 31. Qd7 Qb2 32. Qxc7 Rf8 33. Rxa3 Qxa3 34. Bc2 Nxd3 35. Bxd3 Qxd3 36. c5 Qd1+ 37. Kh2 d3 38. c6 d2 39. Qd7 Qc2 40. c7 d1Q 0-1

[Event "ITA-ch sf 72nd"]
[Site "Civitanova Marche"]
[Date "2012.07.20"]
[Round "7"]
[White "Innocenti, Giovanni"]
[Black "Borgiani, Flavio"]
[Result "0-1"]
[WhiteElo "2021"]
[BlackElo "2148"]
[PlyCount "80"]
[EventDate "2012.07.15"]
[EventType "swiss"]
[EventRounds "9"]
[EventCountry "ITA"]
[SourceTitle "EXT 2013"]
[Source "ChessBase"]
[SourceDate "2012.11.22"]
[SourceVersion "1"]
[SourceVersionDate "2012.11.22"]
[SourceQuality "1"]

1. e4 e6 2. d4 c5 3. d5 exd5 4. exd5 d6 5. Nf3 Nf6 6. Nc3 Be7 7. Bb5+ Nbd7 8. a4 a6 9. Be2 0-0 10. 0-0 b6 11. Nd2 Ne5 12. f4 Ng6 13. Nc4 Nd7 14. g3 f5 15. Bd3 Nf6 16. Ne3 Ne8 17. Qh5 Nh8 18. Bd2 Bf6 19. Rae1 g6 20. Qf3 Nf7 21. h3 Bg7 22. g4 fxg4 23. hxg4 Qh4 24. Kg2 Ne5 25. Qg3 Nxd3 26. cxd3 Qxg3+ 27. Kxg3 Rb8 28. f5 Be5+ 29. Kg2 b5 30. axb5 axb5 31. fxg6 hxg6 32. Rxf8+ Kxf8 33. Ra1 b4 34. Ncd1 Bb7 35. Ra7 Bd4 36. g5 Nc7 37. Kg3 Be5+ 38. Kh4 Nb5 39. Ra5 Nd4 40. Nf1 Bc8 0-1

[Event "ITA-ch sf 72nd"]
[Site "Civitanova Marche"]
[Date "2012.07.19"]
[Round "6"]
[White "Bonfa, Ileano"]
[Black "Innocenti, Giovanni"]
[Result "1-0"]
[WhiteElo "2235"]
[BlackElo "2021"]
[PlyCount "85"]
[EventDate "2012.07.15"]
[EventType "swiss"]
[EventRounds "9"]
[EventCountry "ITA"]
[SourceTitle "EXT 2013"]
[Source "ChessBase"]
[SourceDate "2012.11.22"]
[SourceVersion "1"]
[SourceVersionDate "2012.11.22"]
[SourceQuality "1"]

1. c4 e5 2. g3 Nc6 3. Bg2 g6 4. Nc3 Bg7 5. e4 d6 6. Nge2 Be6 7. d3 Nge7 8. Nd5 0-0 9. 0-0 h6 10. Be3 f5 11. Qd2 Kh7 12. Rac1 Qd7 13. b4 Nd8 14. Nxe7 Qxe7 15. c5 Qd7 16. cxd6 cxd6 17. d4 fxe4 18. Bxe4 Bh3 19. dxe5 Bxf1 20. Rxf1 Nf7 21. f4 Nxe5 22. fxe5 Rxf1+ 23. Kxf1 Qh3+ 24. Kg1 dxe5 25. Qd6 Qg4 26. Qd3 Rf8 27. Nc3 Qe6 28. Bxa7 b6 29. Nd5 Rc8 30. Bxg6+ Kh8 31. Bxb6 Rc1+ 32. Kg2 Qg4 33. a4 Rd1 34. Ne3 Rxd3 35. Nxg4 Rd6 36. Be4 Rxb6 37. b5 Kg8 38. Bc6 h5 39. Ne3 Bf8 40. Nc4 Rb8 41. Nxe5 Bb4 42. Nd7 Rc8 43. Nf6+ 1-0

[Event "Noale Szabados Memorial-A 5th"]
[Site "Noale"]
[Date "2012.02.05"]
[Round "5"]
[White "Innocenti, Giovanni"]
[Black "Pastres, Roberto"]
[Result "1/2-1/2"]
[WhiteElo "2004"]
[BlackElo "2153"]
[PlyCount "29"]
[EventDate "2012.02.03"]
[EventType "swiss"]
[EventRounds "5"]
[EventCountry "ITA"]
[SourceTitle "EXT 2022"]
[Source "ChessBase"]
[SourceDate "2021.10.06"]
[SourceVersion "1"]
[SourceVersionDate "2021.10.06"]
[SourceQuality "1"]

1. e4 c5 2. Nc3 e6 3. Nge2 a6 4. g3 b5 5. Bg2 Bb7 6. 0-0 d6 7. d3 Nf6 8. h3 Nc6 9. Be3 Be7 10. f4 Nd7 11. f5 Bf6 12. fxe6 fxe6 13. Nf4 Qe7 14. Qd2 b4 15. Nd1 1/2-1/2

[Event "Noale Szabados Memorial-A 5th"]
[Site "Noale"]
[Date "2012.02.03"]
[Round "1"]
[White "Innocenti, Giovanni"]
[Black "Del Monaco, Andrea"]
[Result "1-0"]
[WhiteElo "2004"]
[BlackElo "2262"]
[PlyCount "77"]
[EventDate "2012.02.03"]
[EventType "swiss"]
[EventRounds "5"]
[EventCountry "ITA"]
[SourceTitle "EXT 2022"]
[Source "ChessBase"]
[SourceDate "2021.10.06"]
[SourceVersion "1"]
[SourceVersionDate "2021.10.06"]
[SourceQuality "1"]

1. e4 c5 2. Nc3 g6 3. g3 Bg7 4. Bg2 Nc6 5. d3 d6 6. Be3 Nf6 7. h3 0-0 8. Qd2 Nd4 9. Nge2 e5 10. f4 exf4 11. Nxf4 Be6 12. 0-0 Rb8 13. Nd1 Qd7 14. c3 Nc6 15. Nxe6 fxe6 16. Nf2 Rf7 17. d4 cxd4 18. cxd4 e5 19. d5 Nd4 20. Bxd4 exd4 21. Nd3 Re7 22. Rae1 Rbe8 23. Nf2 Nh5 24. Nh1 Be5 25. g4 Nf6 26. Qd3 Rf7 27. Ng3 Ref8 28. Ne2 Qe7 29. Nxd4 Nxg4 30. Ne6 Bh2+ 31. Kh1 Qh4 32. Nxf8 Be5 33. Ne6 h5 34. Qa3 Rf2 35. Qb3 b6 36. Rc1 Kh7 37. Rxf2 Nxf2+ 38. Kg1 g5 39. Qf3 1-0